000
00405nam a22001217a 4500
999
_c
14057
_d
14057
020
_a
9786277523077
100
_a
ماخوذ از مثنوی مولانا رومی تشریح ملک محمد عثمان
245
_a
استعراج نفس
250
_a
جلد اول (دفتر اول ودوم)
260
_a
پاکستان
_b
دارلالحکمہ خالدیہ
_c
2024
300
_a
صفحات 195
942
_c
BK